| 000 | 00421nam a22001697a 4500 | ||
|---|---|---|---|
| 003 | NUST - PNEC | ||
| 005 | 20170116181141.0 | ||
| 008 | 151008b xxu||||| |||| 00| 0 eng d | ||
| 020 | _a- | ||
| 040 | _cLIBRARY | ||
| 082 | _a920.02 BHA | ||
| 100 |
_914644 _aBhardwaj, Ashwani |
||
| 245 |
_aThe great leaders of the world _cAshwani Bhardwaj |
||
| 260 | _c- | ||
| 650 |
_914651 _aBiography _xGeneral |
||
| 942 |
_2ddc _cBK |
||
| 999 |
_c70482 _d70482 |
||